Auditor Productivity in the Year 2000 1987 Proceedings of the Arthur Young Professors' Roundtable

Guardado en:
Detalles Bibliográficos
Otros Autores: Bailey, Andrew
Formato: Libro
Lenguaje:inglés
Publicado: Reston Arthur Young 1988
Edición:1. ed.
Materias:
Etiquetas: Agregar Etiqueta
Sin Etiquetas, Sea el primero en etiquetar este registro!

MARC

LEADER 00000nam a2200000 4500
001 c010801
005 20221206134748.8
041 0 |a eng 
044 |a US 
245 1 0 |a Auditor Productivity in the Year 2000  |b 1987 Proceedings of the Arthur Young Professors' Roundtable  |c Edit. Andrew Bailey 
250 |a 1. ed. 
264 1 |a Reston  |b Arthur Young  |c 1988 
300 |a 326 s. 
610 2 0 |a audítorstvo 
610 2 0 |a audítori 
610 2 0 |a produktivita práce 
610 2 0 |a procesy rozhodovacie 
610 2 0 |a systémy expertné 
610 2 0 |a účtovníctvo 
610 2 0 |a Edgar systém 
610 2 0 |a SEC 
610 2 0 |a 2000 
700 1 |a Bailey, Andrew